| 000 | 00445nam a2200169 a 4500 | ||
|---|---|---|---|
| 001 | 1023 | ||
| 003 | CDMR | ||
| 005 | 20131016174216.0 | ||
| 008 | 130130s1966||||||||||||||||||||||||||||d | ||
| 040 |
_aCDMR _bcat _cCDMR |
||
| 100 | 1 |
_aEmery, Edwin _9807 |
|
| 245 | 1 | 3 |
_aEl periodismo en los Estados Unidos _cEdwin Emery |
| 260 |
_aMéxico _c1966 _bTrillas |
||
| 300 | _a795 p. | ||
| 650 | 0 | 4 |
_94094 _aPeriodisme _zEstats Units d'Amèrica |
| 942 |
_cMON _2udc |
||
| 999 |
_c1023 _d1023 |
||